Everyone Vs Mimi Imfurst Script - Statistics

General Stats
  • This quiz has been taken 36 times
  • The average score is 180 of 241
Answer Stats
Hint Answer % Correct
a
100%
minute.
100%
No.
100%
Alexis Act
92%
for
92%
for?
92%
HOT
92%
Tammie HUH
92%
I
92%
Mimi I'm
92%
it-
92%
it
92%
it.
92%
listen
92%
MARS!
92%
me
92%
Mimi!
92%
Mimi.
92%
Mimi?
92%
Mimi
92%
MIMI
92%
not
92%
on
92%
TELEPORT
92%
the
92%
The
92%
This
92%
this.
92%
this
92%
to
92%
TO
92%
us
92%
US
92%
Mimi We...
92%
we
92%
We
92%
what
92%
Manila What
92%
where
92%
you
92%
You
92%
You,
92%
acting.
85%
are
85%
around!
85%
at
85%
back?
85%
came
85%
Tammie Change
85%
change
85%
come
85%
costume
85%
costume,
85%
did
85%
DID.
85%
fool,
85%
fool.
85%
fuck?
85%
girl.
85%
girl!
85%
guess
85%
how
85%
in
85%
leaf,
85%
new
85%
now
85%
now.
85%
old
85%
one
85%
people
85%
teletubby!
85%
turn
85%
was
85%
we're
85%
who
85%
your
85%
already
77%
and
77%
BELIEVE
77%
bitch
77%
bitch!
77%
BULLYING
77%
do
77%
Mimi Do
77%
fans,
77%
first!
77%
freaks
77%
go
77%
he-
77%
is
77%
Is...
77%
Is
77%
living
77%
many.
77%
over
77%
real?
77%
Raven So
77%
Manila | Raven Well
77%
well
77%
Mimi Why
77%
world
77%
don't
69%
each
69%
have
69%
Imfurst,
69%
IMFURST
69%
like
69%
like,
69%
listened
69%
look
69%
my
69%
other?
69%
sign
69%
then
69%
up!
69%
up
69%
attack
62%
could
62%
crazy,
62%
got
62%
here
62%
here.
62%
here,
62%
highly
62%
home
62%
inappropriate.
62%
know
62%
manage
62%
need
62%
someone
62%
that
62%
that?
62%
they
62%
Think
62%
think
62%
voting?
62%
wanted
62%
Mimi Fucking
54%
it's
54%
I've
54%
number
54%
shit...
54%
shit
54%
sitting
54%
third
54%
with
54%
Yara Because
46%
FIFTY
46%
just
46%
of
46%
seen?
46%
signed
46%
started
46%
you'll
46%
Mimi Ah da da da
38%
anything
38%
Chad Everyone
38%
nothing
38%
Tammie OhH!
38%
Out
38%
out
38%
problem
38%
shenanigans.
38%
shut
38%
been
31%
bitches
31%
had
31%
happened
31%
Mimi's
31%
motherfucking
31%
Manila OOP-
31%
that's
31%
all-
23%
appropriate
23%
gonna
23%
about
15%
talk
15%
something...
8%
No matching quizzes found
Score Distribution
Percent of People with Each Score
Percentile by Number Answered
Your Score History
You have not taken this quiz